000
00225nam a2200097Ia 4500
005
20251222114407.0
008
251222s1900||||xx |||||||||||||| ||spa||
082
_a
DVD0010/S57/2008
245
0
_a
Operación Valkiria:
942
_c
DVD
999
_c
1879
_d
1879